000 00821nam a22002177a 4500
999 _c10056
_d10056
003 AR-CdUCM
008 190329b ||||| |||| 00| 0 spa d
040 _aMUNICIPALIDAD PROVINCIAL DEL CUSCO
_cBIBLIOTECA MUNICIPAL DEL CUSCO
082 _a800.4 /
_bC23
100 _aAssens - Cansinos R.
_926685
245 _aLos temas literarios y su interpretación /
260 _aMadrid :
_bRonda de atocha.
300 _a225 paginas ;
_c19 cm.
440 _aColección de ensayos críticos
_926686
505 _aContenido : Como nace la critica -- Las virtudes técnicas -- El influjo del mar en la lírica -- La novela grande -- La bohemia en la literatura...
650 _aLírica moderna
_926687
650 _aLiteratura y escultura
_926688
650 _aTemas literarios
_926689
942 _2ddc
_cLIBROS
945 _awnts